Sótanos y duendes de Mantua y las aguas de Madrid / (Record no. 108468)

MARC details
000 -LEADER
campo de control de longitud fija 00623nam a2200181 4500
001 - NÚMERO DE CONTROL
campo de control 108468
003 - IDENTIFICADOR DE NÚMERO DE CONTROL
campo de control ES-MaACL
007 - CAMPO FIJO DE DESCRIPCIÓN FÍSICA--INFORMACIÓN GENERAL
campo de control de longitud fija t|
008 - DATOS DE LONGITUD FIJA--INFORMACIÓN GENERAL
campo de control de longitud fija 061121s1982 sp r ||||1| spa d
100 1# - ENTRADA PRINCIPAL--NOMBRE DE PERSONA
Nombre de persona Montero Vallejo, Manuel.
9 (RLIN) 82540
245 10 - MENCIÓN DEL TÍTULO
Título Sótanos y duendes de Mantua y las aguas de Madrid /
Mención de responsabilidad, etc. Manuel Montero Vallejo.
260 ## - PUBLICACIÓN, DISTRIBUCIÓN, ETC.
Lugar de publicación, distribución, etc. Madrid :
Nombre del editor, distribuidor, etc. Editora Nacional,
Fecha de publicación, distribución, etc. 1982.
300 ## - DESCRIPCIÓN FÍSICA
Extensión 523 p. ;
Dimensiones 21 cm.
490 1# - MENCIÓN DE SERIE
Mención de serie Biblioteca de visionarios, heterodoxos y marginados ;
Designación de volumen o secuencia 19
830 0# - PUNTO DE ACCESO ADICIONAL DE SERIE-TÍTULO UNIFORME
Título uniforme Biblioteca de visionarios, heterodoxos y marginados ;
Designación de volumen o secuencia 19
9 (RLIN) 181090
852 ## - LOCALIZACIÓN
Ubicación ES-MaACL
Número de control de estantería L-4660
Sublocalización o colección R.104931
Holdings
Estatus retirado Estado de pérdida Estado de daño No para préstamo Biblioteca de origen Biblioteca actual Ubicación en estantería Fecha de adquisición Fuente de adquisición Total de préstamos Signatura topográfica completa Código de barras Visto por última vez Precio de reemplazo Tipo de ítem Koha
        Biblioteca del Ateneo de Madrid Biblioteca del Ateneo de Madrid Depósito 2 17/01/2008     L-4660 1113183 23/02/2023 23/02/2023 Libro impreso